| 000 | 00939cam a2200277 4500 | ||
|---|---|---|---|
| 008 | 090401t1997 xxu||||| |||| 00| 0 eng d | ||
| 020 | _a1850298912 | ||
| 035 | _a(Sirsi) u85407 | ||
| 041 | _aeng | ||
| 050 | _a725.23 | ||
| 100 | _aDuffy, Francis | ||
| 245 | 4 | _aThe new office. | |
| 260 |
_aLondon _bConran Octopus Ltd. _c1997 |
||
| 300 | _a256p. : ill. ; 32cm. | ||
| 350 | _a50 | ||
| 520 | _aIllustrated with over 20 case studies, this book examines the technological, social, cultural and political issues affecting office design. Examines each stage in the process from initial brief to completion and includes comments from both architects and clients. | ||
| 650 | _aOFFICE DESIGN | ||
| 650 | _aOFFICE LAYOUT | ||
| 650 | _aOFFICE PLANNING | ||
| 650 | _aOFFICES | ||
| 650 | _aWORKING PRACTICES | ||
| 690 | _aBUILT ENVIRONMENT-CONSTRUCTION DESIGN | ||
| 700 | _aPowell, Kenneth | ||
| 942 | _n0 | ||
| 948 | _c02/04/1998 | ||
| 999 |
_c97036 _d97036 |
||